000 00569cam a2200145 4500500
005 20260208010540.0
041 _afre
042 _adc
100 1 0 _aLarivée, Annie
_eauthor
245 0 0 _aChristophe Rogue, Comprendre Platon, Paris, Armand Colin, 2002, coll. « Cursus-Philosophie », 164 p., 13 E.
260 _c2005.
500 _a26
786 0 _nRevue philosophique de la France et de l'étranger | 130 | 1 | 2005-03-01 | p. 77zf-130zf | 0035-3833
856 4 1 _uhttps://shs.cairn.info/revue-philosophique-2005-1-page-77zf?lang=fr&redirect-ssocas=7080
999 _c1657070
_d1657070